History Quiz

Random History or Grab Bag Quiz

Find Five: Global Tourist Edition Quiz Stats

 Plays Quiz Updated Jun 20, 2019

Score 0/50 Timer 06:00
10 Plays Today
% Correct
Brooklyn Bridge
97%
Empire State Building
96.4%
Buckingham Palace
93.6%
Eiffel Tower
93.5%
Arc de Triomphe
93.2%
Cathédrale Notre-Dame
93%
Statue of Liberty
92.4%
Louvre
91%
Rockefeller Center
90.2%
Washington Monument
89.6%
United States Capitol
89.2%
Colosseum
89.2%
Lincoln Memorial
88.4%
White House
88.2%
Library of Congress
86.8%
Sensō-ji Temple
86.6%
Westminster Abbey
86.1%
Kremlin
83.4%
Lenin's Mausoleum
82.6%
Meiji Shrine
82.2%
Tower Bridge
81.4%
City of David
80.7%
Trevi Fountain
80.4%
Copacabana Beach
80.2%
Cristo Redentor
80.1%
% Correct
Les Invalides
78.4%
Bolshoi Theatre
77.5%
Western Wall
75.6%
Maracanã
75.5%
Schönbrunn Palace
72.3%
Yad Vashem
71.9%
Ueno Park and Zoo
71.8%
Flatiron Building
71.2%
Miraikan Museum
70.7%
Ipanema
69.8%
Hofburg
69.8%
Church of the Holy Sepulchre
66.9%
St. Basil's Cathedral
66%
Dome of the Rock
65.9%
Maritime Greenwich
65.4%
Royal Botanic Gardens, Kew
62.2%
Gorky Park
61.4%
Capitoline Hill
56.1%
Belvedere Palace
54.8%
Trajan's Column
52.2%
St. Paul’s Outside the Walls
50%
St. Stephen's Cathedral
49.7%
Sugarloaf Mountain
46.8%
Spanish Riding School
44.7%
Skytree
44.6%

You're not logged in!

Compare scores with friends on all Sporcle quizzes.
OR
Log In

Sporcle TV

Today on Sporcle TV


Watch our educational content, quiz creation guides, and fun videos on Sporcle TV.

Show Comments

Extras

Top Quizzes Today


Score Distribution

Your Account Isn't Verified!

In order to create a playlist on Sporcle, you need to verify the email address you used during registration. Go to your Sporcle Settings to finish the process.

Report this User

Report this user for behavior that violates our Community Guidelines.

Details: